banner-ar

THE VICTORIA AND ALBERT MUSEUM'S TEXTILE COLLECTION: WOVEN TEXTILE DESIGN IN BRITAIN FROM 1750 TO 1850 / (Record no. 14107)

MARC details
000 -الفاتح
حقل البيانات ثابتة الطول 00568nam a2200193Ia 4500
008 - عناصر البيانات ثابتة الطول - معلومات عامة
حقل البيانات ثابتة الطول 140319s9999 xx 000 0 eng d
040 ## - مصدر الفهرسة
وكالة الفهرسة الأصلية GCL /
وكالة النسخ GCL
082 04 - رقم تصنيف ديوى العشرى
رقم التصنيف 746.44
رقم المادة R V
100 1# - المدخل الرئيسى - إسم شخصى
الإسم الشخصى ROTHSTEIR, NATALIE
245 10 - بيان العنوان
العنوان THE VICTORIA AND ALBERT MUSEUM'S TEXTILE COLLECTION: WOVEN TEXTILE DESIGN IN BRITAIN FROM 1750 TO 1850 /
بيان المسئوليه,etc ROTHSTEIR, NATALIE
300 ## - الوصف المادى
التعداد 112 P
650 04 - المدخل الاضافى بالموضوع-مصطلح موضوعى
مصطلح موضوعي ART
650 04 - المدخل الاضافى بالموضوع-مصطلح موضوعى
مصطلح موضوعي EMBROIDERY
650 04 - المدخل الاضافى بالموضوع-مصطلح موضوعى
مصطلح موضوعي TEXTILE MUSEUMS
650 04 - المدخل الاضافى بالموضوع-مصطلح موضوعى
مصطلح موضوعي HANDWORKS
942 ## - عناصر المدخل الإضافي( كوها)
مصدر التصنيف او مخطط الترفيف Dewey Decimal Classification
Koha [default] item type كتاب
260 ## - PUBLICATION, DISTRIBUTION, ETC. (IMPRINT)
-- [S.N] :
-- A DIVISON OF ABBEVILLE PRESS, INC
Holdings
حالة التراجع حالة الفقد حالة تلف ليس للاعارة المكان المؤقت الموقع الحالى تاريخ الاكتساب اجمالي اﻻعارات رقم الطلب الباركود تاريخ اخر مشاهدة تاريخ تفعيل السعر نوع وعاء كوها
        مكتبة القاهرة الكبرى مكتبة القاهرة الكبرى 03/26/2014   746.44\R V 26579 03/26/2014 03/26/2014 كتاب

Powered By

EGPV